Gaming Quiz

Random Gaming Quiz

Rollercoaster Tycoon Rides Quiz Stats

Quiz not verified by Sporcle

Challenge
Share
Tweet
Embed
Score 0/70 Timer 07:00
0 Plays Today
Type Ride Name % Correct
TransportMonorail
82%
Roller CoasterWooden
77.7%
Roller CoasterSteel
71.7%
GentleMerry-Go-Round
70%
WaterLog Flume
65.2%
ThrillTwist
61.6%
Shops and StallsBurger
60.1%
Shops and StallsDrink
56.2%
TransportChairlift
54.3%
Shops and StallsChips
52.8%
GentleHaunted House
51.5%
Shops and StallsInformation Kiosk
51.5%
GentleFerris Wheel
51.3%
Roller CoasterInverted
50.4%
Shops and StallsToilets
50.2%
ThrillSwinging Ship
47.9%
WaterWater Slide
44.4%
GentleDodgems
43.3%
Shops and StallsIce Cream
42.9%
Shops and StallsCandy Floss
40.6%
Roller CoasterSuspended
38.6%
WaterRiver Rapids
38.6%
Shops and StallsPizza
37.8%
ThrillGo Karts
37.6%
Shops and StallsBalloon
35.6%
WaterBoat Hire
34.8%
TransportMiniature Railway
32.2%
GentleSpiral Slide
32.2%
GentleCar Ride
31.5%
Shops and StallsPopcorn
31.5%
ThrillLaunched Freefall
31.1%
Roller CoasterMine Train
29.8%
Shops and StallsSouvenir
29.8%
GentleObservation Tower
28.8%
ThrillTop-Spin
27.7%
Type Ride Name % Correct
Roller CoasterStandup Steel
27%
Thrill3D Cinema
27%
Roller CoasterWooden Wild Mouse
26.6%
Roller CoasterSteel Mini
25.5%
ThrillMotion Simulator
25.3%
GentleHedge Maze
25.1%
GentleSpace Rings
24.9%
Roller CoasterBobsled
24%
Roller CoasterVertical
23.2%
Roller CoasterFlying
21.5%
GentleCrooked House
20.6%
Roller CoasterSteel Corkscrew
20.2%
Roller CoasterSingle-Rail
20.2%
ThrillEnterprise
19.1%
TransportSuspended Monorail
18.9%
ThrillSwinging Inverter Ship
18.2%
GentleMiniature Golf
16.7%
Roller CoasterFree Fall
15.5%
Roller CoasterVirginia Reel
15.5%
Roller CoasterSteel Wild Mouse
15.2%
Roller CoasterWooden Twister
15%
GentleGhost Train
13.3%
ThrillRoto-Drop
12.9%
Roller CoasterSteel Twister
12.2%
Roller CoasterSuspended Single-Rail
10.9%
Roller CoasterAir Powered
9.2%
Roller CoasterWooden Side-Friction
7.7%
Roller CoasterWooden Reverse
6.9%
Roller CoasterHeartline Twister
6.4%
GentleCircus Show
6%
GentleFlying Saucers
5.6%
Roller CoasterSuspended Looping
4.3%
GentleCycle Monorail
3.9%
GentleCycle Railway
3%
Roller CoasterInverted Wild Mouse
2.6%

You're not logged in!

Compare scores with friends on all Sporcle quizzes.
Join for Free
OR
Log In

You Might Also Like...

Show Comments

Extras

Top Quizzes Today


Score Distribution

Your Account Isn't Verified!

In order to create a playlist on Sporcle, you need to verify the email address you used during registration. Go to your Sporcle Settings to finish the process.

Report this User

Report this user for behavior that violates our Community Guidelines.

Details: